Infection and Immunity. (Record no. 35599)
[ view plain ]
| 000 -LEADER | |
|---|---|
| fixed length control field | 00894cas a2200181 4500 |
| 008 - FIXED-LENGTH DATA ELEMENTS--GENERAL INFORMATION | |
| fixed length control field | 130930n eng u |
| 022 ## - INTERNATIONAL STANDARD SERIAL NUMBER | |
| International Standard Serial Number | 00199567 |
| 035 ## - SYSTEM CONTROL NUMBER | |
| System control number | (Sirsi) a180696 |
| 050 ## - LIBRARY OF CONGRESS CALL NUMBER | |
| Classification number | QR 185.2.I5 |
| 245 ## - TITLE STATEMENT | |
| Title | Infection and Immunity. |
| 260 ## - PUBLICATION, DISTRIBUTION, ETC. | |
| Place of publication, distribution, etc. | Washington, DC: |
| Name of publisher, distributor, etc. | American society for microbiology |
| Date of publication, distribution, etc. | 1984. |
| 310 ## - CURRENT PUBLICATION FREQUENCY | |
| Current publication frequency | Monthly |
| 340 ## - PHYSICAL MEDIUM | |
| Material base and configuration | Periodical |
| 362 ## - DATES OF PUBLICATION AND/OR SEQUENTIAL DESIGNATION | |
| Dates of publication and/or sequential designation | vol.44, no.1, 1984- vol.64, no.12, 1996 |
| 520 ## - SUMMARY, ETC. | |
| Summary, etc. | Infection and immunity is devoted to the advancement and dissemination of fundamental knowledge concerning infections caused by pathogenic bacteria, fungai and unicellular paracites, the ecology and epidemology of pathogenic microbes, virulence factors such as toxines and microbio surface stractures, nonspecific factors in host resistance unsusceptibility to infection and immunolgy of microbio infections. |
| 650 ## - SUBJECT ADDED ENTRY--TOPICAL TERM | |
| Topical term or geographic name entry element | Infection |
| 650 ## - SUBJECT ADDED ENTRY--TOPICAL TERM | |
| Topical term or geographic name entry element | Immunity |
| Withdrawn status | Lost status | Source of classification or shelving scheme | Damaged status | Not for loan | Home library | Current library | Shelving location | Total Checkouts | Full call number | Barcode | Date last seen | Copy number | Price effective from | Koha item type |
|---|---|---|---|---|---|---|---|---|---|---|---|---|---|---|
| Medical Library | Medical Library | Serials | QR185.2.I5 | 00199567 | 08/13/2019 | 1 | 08/13/2019 | Periodical |